| 000 | 00767nam a2200217 a 4500 | ||
|---|---|---|---|
| 008 | 060316s1985 ||||||||||||||||| || u | ||
| 020 | _a0205082718 | ||
| 050 | _aQA 76.73.B3 Jon | ||
| 100 | _aJones, Richard M., 1942- | ||
| 245 | 1 | 0 | _aStructured BASIC/ |
| 260 |
_aBoston : _bAllyn and Bacon _cc1985. |
||
| 300 | _axii, 419p. : ill. | ||
| 350 | _a0.00 | ||
| 650 | _aTRS-80 COMPUTERS--PROGRAMMING | ||
| 650 | _aSTRUCTURED PROGRAMMING | ||
| 650 | _aCOMPUTING | ||
| 650 | _aIBM PERSONAL COMPUTER -- PROGRAMMING | ||
| 650 | _aTEXTBOOKS | ||
| 650 | _aBASIC (COMPUTER PROGRAM LANGUAGE) | ||
| 995 |
_D0.00 _FCBU-MAIN LIBRARY (Kitwe) _H1 _I0.00 _M1 _UAVAILABLE _WNov 20, 2007 _ZMain Library Open Access Collection |
||
| 999 |
_c58726 _d58726 |
||